Raw Material or War Material (Record no. 475028)

MARC details
000 -LEADER
fixed length control field 00615nam a2200205Ia 4500
008 - FIXED-LENGTH DATA ELEMENTS--GENERAL INFORMATION
fixed length control field 100315s9999 xx 000 0 und d
082 ## - DEWEY DECIMAL CLASSIFICATION NUMBER
Item number 293 
Classification number 355 
100 ## - MAIN ENTRY--PERSONAL NAME
Personal name "Plummer, Alfred "
245 ## - TITLE STATEMENT
Title Raw Material or War Material
260 ## - PUBLICATION, DISTRIBUTION, ETC. (IMPRINT)
Place of publication, distribution, etc London 
Name of publisher, distributor, etc Victor Gollancz  
Date of publication, distribution, etc 1937 
300 ## - PHYSICAL DESCRIPTION
Extent 144p. 
365 ## - TRADE PRICE
Price note Rupees 
Unit of pricing
Price amount 0.00 
366 ## - TRADE AVAILABILITY INFORMATION
Publishers' discount category
505 ## - FORMATTED CONTENTS NOTE
Miscellaneous information Tushar Jadhav 
530 ## - ADDITIONAL PHYSICAL FORM AVAILABLE NOTE
Availability source -  
620 ## -
-- "The Claims of the Dissatisfied Powers, Wheat & Sugar,Rubber, Warning of War "
630 ## - SUBJECT ADDED ENTRY--UNIFORM TITLE
Uniform title Raw Material or War Material
730 ## - ADDED ENTRY--UNIFORM TITLE
Uniform title Raw Material or War Material
942 ## - ADDED ENTRY ELEMENTS (KOHA)
Koha item type Book
Holdings
Withdrawn status Lost status Damaged status Not for loan Home library Current library Date acquired Cost, normal purchase price Total Checkouts Full call number Barcode Date last seen Price effective from Koha item type
        Dr. V. N. Bedekar Institute of Management Studies Library Dr. V. N. Bedekar Institute of Management Studies Library 02/03/2006 0.00   355 /PLU  293  VPMBRIMS-293  03/19/2010 03/19/2010 Book